000 00476nam a22001697u 4500
008 130405s1987 xxu||||| |||| 00| 0 spa d
020 _a8430110151
041 _aspa
100 1 _aSchrage, Wolfgang
_937325
245 0 0 _aEtica del nuevo testamento
_cWolfgang Schrage
260 _aSalamanca:
_bEdiciones Sígueme,
_c1987
300 _a443 p.
_c;22 cm.
490 0 _aBiblioteca de Estudios Biblicos
_v57
650 0 4 _aTeología Bíblica
_915026
942 _cBK
001 95458
999 _c269992
_d269992